[Event "Chigorin Memorial Open"]
[Site "St Petersburg RUS"]
[Date "2011.10.20"]
[Round "7.47"]
[White "Kopylov, Alexander A."]
[Black "Vladimirov, Ivan"]
[Result "1-0"]
[WhiteTitle "IM"]
[BlackTitle "FM"]
[WhiteElo "2444"]
[BlackElo "2310"]
[WhiteFideId "4164857"]
[BlackFideId "24105821"]
[EventDate "2011.10.14"]

1. d4 Nf6 2. g3 e6 3. Bg2 c6 4. e4 d6 5. Ne2 Be7 6. O-O O-O 7. c4 e5 8. Nbc3
Nbd7 9. h3 Rb8 10. Be3 a6 11. f4 b5 12. c5 exf4 13. Bxf4 dxc5 14. Bxb8 Nxb8 15.
e5 Nfd7 16. Kh2 cxd4 17. Qxd4 Qc7 18. e6 fxe6 19. Rae1 Rxf1 20. Rxf1 Nf6 21. Ne4
Nbd7 22. b4 Nd5 23. a3 a5 24. bxa5 Qxa5 25. Rc1 c5 26. Nxc5 Bxc5 27. Rxc5 Nxc5
28. Qxc5 Qc7 29. Qxb5 Bd7 30. Qd3 Qc5 31. Nf4 Nf6 32. Qb3 Kf7 33. Qb2 Qd6 34.
Qc3 Kg8 35. Nd3 Nd5 36. Qc5 Qc6 37. Qxc6 Bxc6 38. g4 Bb5 39. Nc5 Kf7 40. a4 Bc6
41. a5 Ke7 42. Kg3 h6 43. h4 Kd6 44. Nb3 e5 45. a6 Ba8 46. Na5 Kc5 47. Nb7+ Kd4
48. Nd6 Kd3 49. h5 Kd4 50. Nf5+ Kd3 51. Nxg7 e4 52. Nf5 Nc7 53. g5 Ne8 54. gxh6
Nf6 55. Kf4 Nh7 56. a7 Bc6 57. Nd6 Nf6 58. Bxe4+ Nxe4 59. Nxe4 Bxe4 60. h7 1-0

[Event "Chigorin Memorial Open"]
[Site "St Petersburg RUS"]
[Date "2011.10.20"]
[Round "7.48"]
[White "Smirnov, Artem"]
[Black "Bazeev, German"]
[Result "1/2-1/2"]
[WhiteTitle "IM"]
[WhiteElo "2444"]
[BlackElo "2291"]
[WhiteFideId "4143256"]
[BlackFideId "24119350"]
[EventDate "2011.10.14"]

1. Nf3 Nf6 2. g3 d5 3. Bg2 c6 4. O-O Bg4 5. d4 Nbd7 6. Nbd2 e6 7. Re1 Be7 8. e4
Nxe4 9. Nxe4 dxe4 10. Rxe4 Nf6 11. Re1 O-O 12. c3 Qb6 13. Qb3 Qxb3 14. axb3 Bxf3
15. Bxf3 Nd5 16. b4 Rfd8 17. h4 a6 18. Bg5 Bxg5 19. hxg5 g6 20. Kg2 Kg7 21. Ra5
Nc7 22. g4 h6 23. gxh6+ Kxh6 24. Kg3 Kg7 25. Bg2 Kf6 26. f4 Nb5 27. Bf1 Nc7 28.
Rae5 Rd7 29. Bg2 Rdd8 30. Rc5 Nd5 31. Bxd5 Rxd5 32. Rh1 Rdd8 33. Re5 Rh8 34.
Ree1 Rad8 35. Kf3 g5 36. Ke4 gxf4 37. Kxf4 Rdg8 38. Reg1 Rd8 39. Rf1 Rdg8 40.
Ra1 Rd8 1/2-1/2

[Event "Chigorin Memorial Open"]
[Site "St Petersburg RUS"]
[Date "2011.10.20"]
[Round "7.49"]
[White "Sergienko, Sergey"]
[Black "Tarasova, Viktoriya"]
[Result "1/2-1/2"]
[WhiteTitle "IM"]
[BlackTitle "WIM"]
[WhiteElo "2415"]
[BlackElo "2275"]
[WhiteFideId "4115791"]
[BlackFideId "4175840"]
[EventDate "2011.10.14"]

1. e4 e5 2. Nf3 Nc6 3. Bb5 a6 4. Ba4 Nf6 5. O-O Be7 6. Bxc6 dxc6 7. d3 Nd7 8.
Nbd2 O-O 9. Nc4 f6 10. Nh4 Nc5 11. Nf5 Bxf5 12. exf5 Qd5 13. Qg4 Rfe8 14. Nd2 a5
15. Re1 Rad8 16. h3 Bf8 17. b3 b5 18. Bb2 Kh8 19. Re2 Nb7 20. Nf3 Bc5 21. a3 Nd6
22. Rae1 Qf7 23. Nh4 Kg8 24. Kh1 Bb6 25. Kh2 Ba7 26. Rf1 Bb6 27. Rfe1 Ba7 28.
Qf3 Qd5 29. g4 Qxf3 30. Nxf3 Kf7 31. Kg3 Bc5 32. Nh4 h6 33. Ng2 Nc8 34. f4 exf4+
35. Kxf4 Rxe2 36. Rxe2 Re8 37. Rxe8 Kxe8 38. Ke4 Bd6 39. Ne1 Nb6 40. Nf3 Nd7 41.
Nd4 Nc5+ 42. Ke3 Be5 43. Bc1 Kd7 44. Ne2 Bd6 45. d4 Nb7 46. c4 bxc4 47. bxc4 c5
48. d5 Be5 49. a4 c6 50. dxc6+ Kxc6 51. Bd2 Kb6 52. Ke4 Kc6 53. Kd3 Kd7 54. Ng1
Bc7 55. Nf3 Nd6 56. Be3 Kc6 57. Nd2 Nf7 58. Ne4 Ne5+ 59. Kc3 Nd7 60. Kb3 Be5 61.
Bd2 Bc7 62. Nc3 Ne5 63. Nd5 Nf3 64. Be3 Bd6 65. Kc3 Be5+ 66. Kd3 Bd6 67. Bd2
Ne5+ 68. Kc3 Nf3 69. Kc2 Ng1 70. h4 Nf3 71. Bxa5 Nxh4 72. Kd3 Nf3 73. Ke4 Ne5
74. Ne3 Nd7 75. Bc3 Be5 76. Bd2 Bd4 77. Nc2 Bb2 78. Ne3 Bd4 79. Nc2 1/2-1/2

[Event "Chigorin Memorial Open"]
[Site "St Petersburg RUS"]
[Date "2011.10.20"]
[Round "7.52"]
[White "Melnikov, Dmitry"]
[Black "Arslanov, Shamil"]
[Result "1-0"]
[WhiteTitle "FM"]
[BlackTitle "IM"]
[WhiteElo "2299"]
[BlackElo "2413"]
[WhiteFideId "4146468"]
[BlackFideId "4192826"]
[EventDate "2011.10.14"]

1. e4 e6 2. d4 d5 3. Nc3 Bb4 4. e5 c5 5. Bd2 Nh6 6. Bxh6 gxh6 7. a3 Ba5 8. dxc5
d4 9. b4 dxc3 10. bxa5 Qxa5 11. Nf3 Qxc5 12. Rb1 b6 13. Bb5+ Bd7 14. Qd3 a6 15.
Bxd7+ Nxd7 16. O-O Nxe5 17. Nxe5 Qxe5 18. Rfe1 Qc5 19. Rb3 Rd8 20. Qg3 Rc8 21.
h3 Ke7 22. Qh4+ Qg5 23. Qb4+ Qc5 24. Qh4+ Qg5 25. Qb4+ Rc5 26. Qxb6 Rd8 27. Qb4
a5 28. Qe4 Qg6 29. Qh4+ Qf6 30. Rb7+ 1-0

[Event "Chigorin Memorial Open"]
[Site "St Petersburg RUS"]
[Date "2011.10.20"]
[Round "7.53"]
[White "Yakimenko, Alexander A."]
[Black "Ponfilenok, Vladimir"]
[Result "1/2-1/2"]
[WhiteElo "2211"]
[BlackElo "2402"]
[WhiteFideId "24141917"]
[BlackFideId "24113522"]
[EventDate "2011.10.14"]

1. d4 e6 2. e4 d5 3. Nc3 Bb4 4. e5 c5 5. a3 Bxc3+ 6. bxc3 Ne7 7. Nf3 b6 8. Bb5+
Bd7 9. a4 Bxb5 10. axb5 Qd7 11. dxc5 bxc5 12. c4 dxc4 13. O-O Qxb5 14. Ng5 Qb7
15. Qh5 Ng6 16. Re1 Nd7 17. Ne4 O-O 18. Ng5 h6 19. Nxe6 fxe6 20. Qxg6 Rae8 21.
Bxh6 Nb6 22. Ra3 Qf7 23. Qxf7+ Rxf7 24. Be3 Rc7 25. Rea1 Nd5 26. Rxa7 Rxa7 27.
Rxa7 Rb8 28. Ra1 Rb2 29. Rc1 Nc3 30. Kf1 Na2 31. Rd1 Rxc2 32. Rd8+ Kf7 33. Rc8
Nc3 34. Rxc5 Nd5 35. h4 c3 36. Ke1 Nxe3 37. fxe3 Rxg2 38. Rxc3 Rg4 39. Rc7+ Kg6
40. Kf2 Rxh4 41. Re7 1/2-1/2

[Event "Chigorin Memorial Open"]
[Site "St Petersburg RUS"]
[Date "2011.10.20"]
[Round "7.54"]
[White "Hayrapetian, Ovik"]
[Black "Tkachev, Ivan"]
[Result "1-0"]
[WhiteTitle "IM"]
[WhiteElo "2398"]
[BlackElo "2074"]
[WhiteFideId "13302639"]
[BlackFideId "4186885"]
[EventDate "2011.10.14"]

1. d4 d5 2. Nf3 c5 3. dxc5 e6 4. e4 Nf6 5. exd5 Qxd5 6. Bd3 Bxc5 7. Nc3 Qh5 8.
O-O O-O 9. Bg5 Nbd7 10. Re1 Ng4 11. Ne4 Nde5 12. Nxc5 Nxf3+ 13. Qxf3 Qxg5 14.
Ne4 Qh4 15. Qf4 e5 16. Qg3 Qxg3 17. Nxg3 Re8 18. Bb5 Re7 19. Rad1 Be6 20. f3 Nf6
21. Rxe5 Rc7 22. Bd3 g6 23. Ne4 Nd7 24. Rb5 a6 25. Ra5 Nb6 26. b3 Rd8 27. Rc5
Re7 28. Kf2 Kg7 29. Be2 Rxd1 30. Bxd1 h6 31. c4 Rd7 32. Ke2 Na8 33. Re5 b6 34.
Nc3 Nc7 35. Bc2 Rd4 36. g3 h5 37. Bd3 a5 38. Na4 Na6 39. Nxb6 Nb4 40. Bb1 Nc6
41. Rc5 Rd6 42. Na4 Nd4+ 43. Ke3 Bf5 44. Rd5 Bxb1 45. Kxd4 Rxd5+ 46. cxd5 Bxa2
47. Kc4 Bb1 48. Kb5 Kf6 49. d6 Bd3+ 50. Kc6 Be2 51. d7 1-0

[Event "Chigorin Memorial Open"]
[Site "St Petersburg RUS"]
[Date "2011.10.20"]
[Round "7.56"]
[White "Valov, Ilya"]
[Black "Sakaev, Konstantin"]
[Result "0-1"]
[WhiteTitle "FM"]
[BlackTitle "GM"]
[WhiteElo "2234"]
[BlackElo "2609"]
[WhiteFideId "4199251"]
[BlackFideId "4104226"]
[EventDate "2011.10.14"]

1. d4 Nf6 2. Nf3 e6 3. g3 b5 4. Bg2 Bb7 5. O-O Be7 6. c3 O-O 7. Bg5 d5 8. Qb3 c6
9. a4 Qb6 10. a5 Qc7 11. Ne5 a6 12. Nd3 c5 13. Nxc5 Bxc5 14. dxc5 Qxc5 15. Bxf6
gxf6 16. Qa3 Nd7 17. Nd2 Rfd8 18. Rfd1 Rac8 19. Nb3 Qxa3 20. Rxa3 Ne5 21. Nd2
Kf8 22. f4 Ng4 23. Nf1 f5 24. h3 Nf6 25. Kf2 Ke7 26. Rd4 Rg8 27. Bf3 Rg6 28. Rb3
Bc6 29. Rbb4 Bd7 30. Rd1 h5 31. h4 Rcg8 32. Rc1 Kd6 33. Rd1 Bc6 34. Rdd4 Kc5 35.
Rd1 R6g7 36. Rdd4 Ne4+ 37. Bxe4 fxe4 38. e3 f6 39. Rd2 e5 40. Rb3 Bd7 41. Kg2
Bg4 42. Rb4 Bf3+ 43. Kf2 Kd6 44. Rc2 Ke6 45. Rd2 Bg4 46. Kg2 Rc7 47. Rc2 Rd8 48.
Nd2 Kf5 49. Nb3 Bd1 50. Rf2 Ke6 51. Nd2 Rg8 52. f5+ Ke7 53. Rf1 Bg4 54. Kh2 Kd6
55. Kg2 Rcg7 56. Kh2 Bh3 57. Rf2 Rxg3 58. Rxe4 Bg2 0-1

[Event "Chigorin Memorial Open"]
[Site "St Petersburg RUS"]
[Date "2011.10.20"]
[Round "7.57"]
[White "Shurunov, Arseny"]
[Black "Goganov, Aleksey"]
[Result "0-1"]
[WhiteTitle "FM"]
[BlackTitle "IM"]
[WhiteElo "2219"]
[BlackElo "2500"]
[WhiteFideId "24111570"]
[BlackFideId "24109959"]
[EventDate "2011.10.14"]

1. d4 Nf6 2. c4 e6 3. Nf3 d5 4. Nc3 c6 5. cxd5 exd5 6. Bg5 Be7 7. Qc2 g6 8. e3
Bf5 9. Bd3 Bxd3 10. Qxd3 Nbd7 11. O-O O-O 12. Rac1 Re8 13. Nd2 Nf8 14. Bxf6 Bxf6
15. Na4 Be7 16. Nc5 Bxc5 17. Rxc5 Nd7 18. Rc2 Nb6 19. Nb3 Nc4 20. Nc5 Nd6 21.
Qd1 Kg7 22. Nd3 Qe7 23. Re1 h5 24. Qf3 h4 25. h3 Rh8 26. Nf4 g5 27. Nd3 Rae8 28.
Rec1 Qe6 29. Nc5 Qg6 30. Kh1 Re7 31. Qd1 Rg8 32. Nd3 f6 33. Rc3 Kh8 34. Qf3 Ne4
35. R3c2 Reg7 36. Kh2 Qh7 37. Nc5 f5 38. Nxe4 dxe4 39. Qe2 g4 40. hxg4 Rxg4 41.
Qf1 Qg6 42. f3 exf3 43. Qxf3 Rg3 44. Qf2 h3 45. Rg1 hxg2 46. Rxg2 Qh6+ 47. Kg1
Rxg2+ 0-1

[Event "Chigorin Memorial Open"]
[Site "St Petersburg RUS"]
[Date "2011.10.20"]
[Round "7.58"]
[White "Guzenko, Artem"]
[Black "Guliev, Logman"]
[Result "0-1"]
[BlackTitle "IM"]
[WhiteElo "2216"]
[BlackElo "2447"]
[WhiteFideId "24144460"]
[BlackFideId "13400061"]
[EventDate "2011.10.14"]

1. c4 Nf6 2. Nc3 e5 3. d3 c6 4. Nf3 d6 5. g3 g6 6. Bg2 Bg7 7. c5 O-O 8. cxd6
Qxd6 9. O-O Na6 10. Bd2 Nc7 11. Rc1 Ne6 12. a3 Re8 13. Ne4 Nxe4 14. dxe4 b6 15.
Qa4 Bb7 16. Rfd1 c5 17. Bh6 Qc7 18. Bxg7 Kxg7 19. e3 Bc6 20. Qc2 Rad8 21. Nd2
Rd7 22. Nb1 Red8 23. Nc3 Qb7 24. b4 Rxd1+ 25. Rxd1 Rxd1+ 26. Qxd1 cxb4 27. axb4
Qd7 28. Nd5 f6 29. f4 Nd8 30. Qa1 Nf7 31. h3 Qb7 32. Kh2 a6 33. Qc3 Bd7 34. Bf3
Be6 35. Bg2 Bd7 36. Qa1 Bc6 37. Qc1 a5 38. bxa5 bxa5 39. Qc5 a4 40. Nc3 Bd7 41.
Nd5 Bc6 42. Nc3 Qa8 43. Bf1 exf4 44. gxf4 Bxe4 45. Bc4 Bc6 46. Qe7 Qe8 47. Qc5
Qd7 48. Qd4 Qf5 49. Kg3 Ng5 50. Qa7+ Kh6 51. fxg5+ Qxg5+ 52. Kf2 Qh4+ 53. Ke2
Qxc4+ 54. Kd2 Bb5 55. Nxb5 Qxb5 56. Qd4 Qa6 57. e4 a3 58. Qa1 a2 59. Ke3 Qb6+
60. Kf3 Qb1 0-1

[Event "Chigorin Memorial Open"]
[Site "St Petersburg RUS"]
[Date "2011.10.20"]
[Round "7.59"]
[White "Naboka, Sergey"]
[Black "Hamitevici, Vladimir"]
[Result "1/2-1/2"]
[BlackTitle "IM"]
[WhiteElo "2210"]
[BlackElo "2438"]
[WhiteFideId "14123452"]
[BlackFideId "13902393"]
[EventDate "2011.10.14"]

1. e4 c5 2. Nf3 d6 3. d4 cxd4 4. Nxd4 Nf6 5. f3 e5 6. Bb5+ Nbd7 7. Nf5 d5 8.
exd5 a6 9. Ba4 b5 10. Bb3 Nc5 11. Ne3 Bd6 12. O-O O-O 13. c4 e4 14. Nc3 Qc7 15.
fxe4 Bxh2+ 16. Kh1 Nfxe4 17. Nxe4 Nxe4 18. Rf3 bxc4 19. Bxc4 Bf4 20. Qd4 Qe5 21.
Qxe5 Bxe5 22. Bd3 f5 23. Nc4 Bd4 24. Be3 Bxe3 25. Rxe3 Bb7 26. Bxe4 fxe4 27. Rd1
Rad8 28. Rxe4 Rxd5 29. Rxd5 Bxd5 30. Rd4 Rf5 31. b3 Rg5 32. Ne3 Be6 33. Kg1 Ra5
34. Rd2 Kf7 35. Kf2 Ke7 36. Kf3 h5 37. g3 g5 38. Rh2 Re5 39. Rc2 Kd7 40. Rc3 h4
41. gxh4 gxh4 42. Kf4 Rb5 43. Rd3+ Ke7 44. Rd4 Rh5 45. Rd2 Rh8 46. Nf5+ Kf6 47.
Nd4 h3 48. Kg3 Rg8+ 49. Kh2 Bg4 50. Ne2 Ke5 51. Ng3 Rg6 52. Rd3 Kf4 53. b4 Bf3
54. Rd4+ Ke3 55. Nf5+ Kf2 56. Nh4 Rf6 57. Nxf3 Rxf3 1/2-1/2

[Event "Chigorin Memorial Open"]
[Site "St Petersburg RUS"]
[Date "2011.10.20"]
[Round "7.60"]
[White "Ziatdinov, Raset"]
[Black "Semenova, Irina"]
[Result "0-1"]
[WhiteTitle "GM"]
[BlackTitle "WGM"]
[WhiteElo "2415"]
[BlackElo "2236"]
[WhiteFideId "2015323"]
[BlackFideId "4118367"]
[EventDate "2011.10.14"]

1. e4 e5 2. Nf3 Nc6 3. Bb5 a6 4. Ba4 d6 5. O-O Bd7 6. c3 g6 7. d4 Bg7 8. d5 Nce7
9. Bxd7+ Qxd7 10. c4 h6 11. Ne1 f5 12. Nc3 Nf6 13. f3 O-O 14. Nd3 f4 15. Bd2 g5
16. Nf2 Kh8 17. b4 h5 18. h3 Neg8 19. c5 Nh6 20. cxd6 cxd6 21. Na4 Qf7 22. Nb6
Rad8 23. Rc1 Qg6 24. Rc3 g4 25. fxg4 hxg4 26. hxg4 Nfxg4 27. Nxg4 Nxg4 28. Rh3+
Bh6 29. Qe2 Rf7 30. Rff3 Rh7 31. Rh4 Nf6 32. Rfh3 Kg7 33. Qc4 Rg8 34. Nc8 Kh8
35. g3 Bf8 36. Rxh7+ Nxh7 37. Qe2 Rg7 38. Be1 Kg8 39. Rh5 Ng5 40. Qg4 Qxe4 41.
Rxg5 Qxe1+ 42. Kh2 fxg3+ 43. Kh3 Qh1+ 44. Kxg3 Qg1+ 45. Kh3 Rxg5 46. Qe6+ Kh7 0-1

[Event "Chigorin Memorial Open"]
[Site "St Petersburg RUS"]
[Date "2011.10.20"]
[Round "7.61"]
[White "Zizlova, Sofia"]
[Black "Ovod, Evgenija"]
[Result "0-1"]
[BlackTitle "IM"]
[WhiteElo "2199"]
[BlackElo "2408"]
[WhiteFideId "4123476"]
[BlackFideId "4131827"]
[EventDate "2011.10.14"]

1. e4 e6 2. d4 d5 3. Nd2 c5 4. exd5 Qxd5 5. Ngf3 cxd4 6. Bc4 Qd6 7. O-O Nf6 8.
Nb3 Nc6 9. Qe2 a6 10. a4 Be7 11. Rd1 e5 12. c3 Bg4 13. h3 Bxf3 14. Qxf3 e4 15.
Qf4 Qxf4 16. Bxf4 dxc3 17. bxc3 O-O 18. Bg5 Rfe8 19. Rab1 Rac8 20. Nd2 Na5 21.
Bxf6 Bxf6 22. Bd5 e3 23. fxe3 Rxc3 24. Ne4 Rxe3 25. Nd6 Rb8 26. Nxb7 Nxb7 27.
Rxb7 Rxb7 28. Bxb7 Re6 29. Rc1 g6 30. Rc6 Re1+ 31. Kf2 Bh4+ 32. g3 Rb1 33. gxh4
Rxb7 34. Rxa6 Rb3 35. Kg2 Kg7 36. a5 Ra3 37. Ra8 Kf6 38. a6 h5 39. Ra7 Ke6 40.
Kh2 f5 41. Ra8 Ke5 42. Re8+ Kf4 43. Re6 Ra2+ 44. Kg1 g5 45. hxg5 Kxg5 46. Rb6
Ra4 47. Kg2 Kf4 48. Rb3 Ra2+ 49. Kg1 Rxa6 50. Rb4+ Kg3 51. Rb3+ Kh4 52. Kg2 Kg5
53. Kf3 h4 54. Kg2 Ra2+ 55. Kg1 Re2 56. Kf1 Re4 57. Kg2 Kf4 58. Rf3+ Ke5 59. Ra3
Re2+ 60. Kf1 Rd2 61. Kg1 Ke4 62. Ra4+ Rd4 63. Ra3 Rd3 64. Ra4+ Kf3 65. Kh2 f4
66. Ra2 Ke3 67. Ra8 f3 68. Re8+ Kf2 69. Re4 Rd2 70. Re8 Re2 71. Rf8 Ke1+ 72. Kh1
f2 73. Rf3 Re8 74. Kg2 Rg8+ 75. Kh2 f1=Q 76. Re3+ Qe2+ 0-1

[Event "Chigorin Memorial Open"]
[Site "St Petersburg RUS"]
[Date "2011.10.20"]
[Round "7.62"]
[White "Mikhalchenko, Petr"]
[Black "Palchun, Grigory"]
[Result "0-1"]
[WhiteElo "2395"]
[BlackElo "2194"]
[WhiteFideId "4177657"]
[BlackFideId "24147338"]
[EventDate "2011.10.14"]

1. c4 e5 2. g3 Nc6 3. Bg2 g6 4. b3 Bg7 5. Bb2 d6 6. a3 f5 7. e3 Nf6 8. d4 e4 9.
Qc2 d5 10. Ne2 Be6 11. Nf4 Bf7 12. Nxd5 Nxd5 13. cxd5 Qxd5 14. Nd2 O-O 15. O-O
Rac8 16. Rfe1 Rfd8 17. Rad1 Na5 18. Bf1 c5 19. dxc5 Qxc5 20. Qxc5 Rxc5 21. Bxg7
Kxg7 22. Nxe4 Rxd1 23. Rxd1 fxe4 24. b4 Rc3 25. bxa5 Rxa3 26. a6 bxa6 27. Rd4
Ra1 28. Kg2 Be8 29. Rd5 Kh6 30. g4 a5 31. Bb5 Bf7 32. g5+ Kh5 33. Re5 Kh4 34.
Bc6 Bb3 35. Bxe4 a4 36. Ra5 Bc4 37. Bc6 Bf1+ 38. Kf3 a3 39. Kf4 a6 40. e4 Ra2
41. f3 Ra1 42. Bb7 Bc4 43. Bd5 Bb5 44. Be6 Rg1 45. Rxa3 Rxg5 46. e5 Rg2 47. h3
Rd2 48. Bf7 Re2 49. Be6 Rd2 50. Bc8 Rd4+ 51. Ke3 Rd8 52. Rc3 Bf1 53. Rc1 Bg2 54.
Rc4+ Kg3 55. Rg4+ Kh2 56. Bxa6 Re8 57. Ke4 Bxh3 58. Rg5 Bf5+ 59. Rxf5 gxf5+ 60.
Kf4 h5 61. Bb7 h4 62. Bd5 h3 63. Kxf5 Kg3 64. e6 Rxe6 65. f4 Rd6 66. Bb7 Rb6 67.
Ba8 Rb4 0-1

[Event "Chigorin Memorial Open"]
[Site "St Petersburg RUS"]
[Date "2011.10.20"]
[Round "7.64"]
[White "Balaian, Alina"]
[Black "Sichinava, Zviad"]
[Result "1-0"]
[WhiteElo "2188"]
[BlackElo "2372"]
[WhiteFideId "24115347"]
[BlackFideId "24111716"]
[EventDate "2011.10.14"]

1. e4 e6 2. d4 d5 3. Nc3 Bb4 4. e5 c5 5. a3 Ba5 6. b4 cxd4 7. bxa5 dxc3 8. Qg4
Ne7 9. Qxg7 Rg8 10. Qxh7 Nbc6 11. Nf3 Qxa5 12. Ng5 Nxe5 13. f4 f6 14. fxe5 fxg5
15. Be3 Qa4 16. h4 g4 17. Bd3 Kd8 18. Bg5 Rxg5 19. hxg5 Qf4 20. Qh8+ Kc7 21. Qf6
Qe3+ 22. Kf1 Bd7 23. Rh7 Nc6 24. Re1 Qc5 25. Qxe6 Rf8+ 26. Rf7 1-0

[Event "Chigorin Memorial Open"]
[Site "St Petersburg RUS"]
[Date "2011.10.20"]
[Round "7.65"]
[White "Yuferev, Oleg"]
[Black "Rjanova, Valery"]
[Result "1-0"]
[WhiteTitle "FM"]
[WhiteElo "2351"]
[BlackElo "2187"]
[WhiteFideId "4131720"]
[BlackFideId "24129119"]
[EventDate "2011.10.14"]

1. Nf3 Nf6 2. c4 g6 3. Nc3 Bg7 4. e4 d6 5. d4 O-O 6. Be2 e5 7. O-O Nc6 8. d5 Ne7
9. Nd2 Nd7 10. b4 f5 11. c5 dxc5 12. bxc5 Nxc5 13. Ba3 b6 14. Bxc5 bxc5 15. Qb3
Kh8 16. Qc4 Bb7 17. Rab1 Rb8 18. Qxc5 Nc8 19. Rfd1 Qe7 20. Nb3 Nd6 21. Na5 Ba8
22. Rxb8 Rxb8 23. Qxa7 Rf8 24. Qc5 Qf7 25. f3 Bh6 26. Nc4 Nb7 27. Qa3 fxe4 28.
Nxe4 Qg7 29. Qa6 Rd8 30. Qe6 Qg8 31. Nxe5 Qxe6 32. dxe6 Be3+ 33. Kf1 1-0

[Event "Chigorin Memorial Open"]
[Site "St Petersburg RUS"]
[Date "2011.10.20"]
[Round "7.66"]
[White "Skvortsov, Alexander"]
[Black "Shchukin, Dmitry"]
[Result "1/2-1/2"]
[BlackTitle "IM"]
[WhiteElo "2179"]
[BlackElo "2344"]
[WhiteFideId "24170038"]
[BlackFideId "4121724"]
[EventDate "2011.10.14"]

1. e4 c5 2. Nf3 d6 3. d4 cxd4 4. Nxd4 Nf6 5. Nc3 g6 6. Be3 Bg7 7. f3 a6 8. Be2
b5 9. O-O Bb7 10. Qd2 O-O 11. a4 b4 12. Na2 a5 13. c3 bxc3 14. Nxc3 Nbd7 15.
Ndb5 d5 16. exd5 Nb6 17. d6 Nfd5 18. Bd4 exd6 19. Bxg7 Kxg7 20. Qd4+ f6 21. Nxd5
Nxd5 22. Bc4 Nb6 23. Be6 Bc6 24. Nxd6 Bxa4 25. Qc5 Nd7 26. Bxd7 Qxd7 27. Rfe1
Kh8 28. Re4 Bb3 29. Rae1 Qa7 30. Qxa7 Rxa7 31. Re7 Rxe7 32. Rxe7 Kg8 33. Kf2 a4
34. Ke3 Rb8 35. Re8+ Rxe8+ 36. Nxe8 Kf7 37. Nd6+ Ke6 38. Ne4 Bc2 39. Kd4 Kf5 40.
Nd2 h5 41. g3 Bd1 42. Kd5 g5 43. Kd4 h4 44. gxh4 gxh4 45. Ke3 Ke5 46. Nc4+ Kd5
47. Nd2 Bc2 48. Nf1 Bf5 49. Nd2 Bg6 50. Nf1 Be8 51. Nd2 Bc6 52. Nf1 Ke5 53. Nd2
Bd5 54. Nb1 Kf5 55. Nc3 Bc6 56. Ne2 Kg5 57. Nd4 Bd5 58. Ne2 f5 59. Nf4 Bc4 60.
Nh3+ Kf6 61. Nf4 Bb5 62. Ng2 Kg5 63. Nf4 Bc4 64. Ng2 Bf7 65. Nf4 Kf6 66. Nd3 Kg5
67. Nf4 Bc4 1/2-1/2

[Event "Chigorin Memorial Open"]
[Site "St Petersburg RUS"]
[Date "2011.10.20"]
[Round "7.68"]
[White "Pogosian, Vladimir"]
[Black "Dimukhametov, Artur"]
[Result "0-1"]
[BlackTitle "FM"]
[WhiteElo "2166"]
[BlackElo "2337"]
[WhiteFideId "13301586"]
[BlackFideId "4195680"]
[EventDate "2011.10.14"]

1. g3 c5 2. c4 g6 3. Bg2 Bg7 4. Nc3 Nc6 5. d3 e6 6. e4 Nge7 7. h4 h5 8. Nb5 d6
9. Bf4 Ne5 10. Rb1 a6 11. Nc3 b5 12. a3 O-O 13. Nge2 bxc4 14. dxc4 Nxc4 15. Qd3
Ne5 16. Bxe5 Bxe5 17. g4 hxg4 18. h5 g5 19. Qd2 Nc6 20. h6 Kh7 21. Rh5 Rg8 22.
Nc1 Qf6 23. Nd3 Nd4 24. Nxe5 Qxe5 25. Ne2 Bb7 26. Nxd4 cxd4 27. Qe2 f5 28. Rc1
Rac8 29. Rxc8 Rxc8 30. Rxg5 Rc1+ 0-1

[Event "Chigorin Memorial Open"]
[Site "St Petersburg RUS"]
[Date "2011.10.20"]
[Round "7.70"]
[White "Polonovsky, Evgeny"]
[Black "Charochkina, Daria"]
[Result "0-1"]
[BlackTitle "WIM"]
[WhiteElo "2172"]
[BlackElo "2332"]
[WhiteFideId "4144813"]
[BlackFideId "4180917"]
[EventDate "2011.10.14"]

1. e4 c5 2. Nf3 d6 3. Bc4 Nf6 4. e5 dxe5 5. Nxe5 e6 6. Qe2 a6 7. a4 Bd6 8. b3
O-O 9. Bb2 Nd5 10. Nc3 Nf4 11. Qe4 Nxg2+ 12. Qxg2 Bxe5 13. O-O-O Bd7 14. Rhg1
Bc6 15. Qh3 Qf6 16. f4 Bd4 17. Kb1 Nd7 18. Bd3 g6 19. Be4 Bxe4 20. Nxe4 Qf5 21.
Qd3 Bxb2 22. Kxb2 Nf6 23. Nxf6+ Qxf6+ 24. Qc3 Qxf4 25. Qxc5 Qxh2 26. Rh1 Qf4 27.
Rdf1 Qxd2 28. Rd1 Qf4 29. Rdf1 Qe4 30. Rh6 Rac8 31. Qf2 f5 32. Rfh1 Rc7 33. Qh2
Qd4+ 34. Kb1 Rff7 35. Qe2 Qe4 36. Qd2 Rfd7 37. Qh2 Qd4 38. Qg2 Qg4 39. Qf2 Rd1+
40. Rxd1 Qxd1+ 41. Kb2 Rd7 42. Rh4 Qd5 43. Qe1 e5 44. Rc4 b5 45. Rc8+ Kg7 46.
Re8 Qd4+ 47. Ka3 b4+ 48. Ka2 e4 49. Qh4 Qc5 50. Qh2 Qc3 51. Ra8 f4 0-1

[Event "Chigorin Memorial Open"]
[Site "St Petersburg RUS"]
[Date "2011.10.20"]
[Round "7.71"]
[White "Frolochkin, Vladimir"]
[Black "Bukhteeva, Viktoria"]
[Result "1/2-1/2"]
[BlackTitle "WFM"]
[WhiteElo "2331"]
[BlackElo "2178"]
[WhiteFideId "4181050"]
[BlackFideId "4192907"]
[EventDate "2011.10.14"]

1. e4 d5 2. exd5 Nf6 3. d4 Bg4 4. f3 Bf5 5. Bb5+ Nbd7 6. Nc3 a6 7. Ba4 b5 8. Bb3
Nb6 9. Nge2 Nfxd5 10. Nxd5 Nxd5 11. O-O g6 12. Ng3 Bc8 13. a4 b4 14. Qe1 Bg7 15.
Bg5 O-O 16. Rd1 Re8 17. Ne4 Bb7 18. Qh4 Nf6 19. Rd2 Bd5 20. Bxf6 exf6 21. Bxd5
Qxd5 22. Nxf6+ Bxf6 23. Qxf6 Re6 24. Qf4 c6 25. b3 Rae8 26. h4 f6 27. Rfd1 Kg7
28. Kh2 R8e7 29. Qg4 Kf7 30. Kg1 a5 31. Qf4 Kg7 32. Kf2 Re8 33. Qc7+ R8e7 34.
Qb8 Qh5 35. Qg3 Qd5 36. Qg4 Kf7 37. Qf4 Kg7 38. Rh1 h5 39. Rhd1 g5 40. Qg3 Kh6
41. Kf1 Re3 42. Rd3 Re2 43. hxg5+ fxg5 44. c4 bxc3 45. Rxc3 Kh7 46. Qh3 R2e6 47.
Qg3 Re2 48. Qh3 1/2-1/2

[Event "Chigorin Memorial Open"]
[Site "St Petersburg RUS"]
[Date "2011.10.20"]
[Round "7.72"]
[White "Kuzmin, Egor"]
[Black "Tappyrov, Vladimir"]
[Result "1/2-1/2"]
[BlackTitle "FM"]
[WhiteElo "2117"]
[BlackElo "2330"]
[WhiteFideId "24101737"]
[BlackFideId "4157184"]
[EventDate "2011.10.14"]

1. e4 d5 2. exd5 Qxd5 3. Nc3 Qa5 4. d4 Nf6 5. Bc4 c6 6. Nf3 Bf5 7. O-O e6 8. Ne5
Nbd7 9. Qe2 Bb4 10. Nxd7 Nxd7 11. d5 cxd5 12. Nxd5 O-O 13. Nxb4 Qxb4 14. c3 Qa5
15. Bf4 e5 16. Be3 Qc7 17. Rfd1 Rac8 18. Bb3 Rfd8 19. Qf3 Bg6 20. Bg5 Rf8 21.
Be7 Rfe8 22. Bd6 Qc6 23. Qxc6 bxc6 24. Bc4 Nb6 25. Ba6 Bc2 26. Bxc8 Bxd1 27.
Rxd1 Rxc8 28. Bxe5 Nc4 29. Bd4 Nxb2 30. Rb1 c5 31. Bxc5 Rxc5 32. Rxb2 Kf8 33.
Rc2 Ke7 34. Kf1 Kd6 35. Ke2 Rc4 36. Kd3 Ra4 37. Rb2 f6 38. g3 h5 39. c4 h4 40.
Kd4 h3 41. f4 f5 42. Kc3 Ra3+ 43. Kd4 Ra4 44. Re2 Rb4 45. a3 Ra4 46. Re3 Ra5 47.
c5+ Kd7 48. Kc4 Ra4+ 49. Kd5 Ra5 50. Rd3 g6 51. Rb3 Kc7 52. Re3 Kd7 53. Rd3 a6
54. Rb3 Kc7 55. Re3 Kd7 56. Rd3 Rb5 57. Kc4+ Kc7 58. Rb3 Ra5 59. Kd5 Kc8 60. Kc6
Ra4 61. Kb6 Re4 62. Rb2 Re6+ 63. c6 Re1 64. Rd2 Rb1+ 65. Kxa6 Kc7 66. Rd7+ Kxc6
67. Rh7 Ra1 68. Ka5 Rxa3+ 69. Kb4 Ra2 70. Rxh3 Kd5 71. Rh6 Rg2 72. Kc3 Ke4 73.
Kc4 Rc2+ 74. Kb3 Rd2 75. Kc3 Rg2 76. Kc4 Rc2+ 77. Kb5 Kf3 78. Rxg6 Rxh2 79. Rg5
Ke4 80. Kc5 Rd2 81. Kc6 Rd3 1/2-1/2